সংবাদপত্রে সেকালের কথা ১৮১৮-১৮৩০ : (Record no. 122622)
[ view plain ]
| 000 -LEADER | |
|---|---|
| fixed length control field | 00974nam a22001937a 4500 |
| 003 - CONTROL NUMBER IDENTIFIER | |
| control field | BD-DhUL |
| 005 - DATE AND TIME OF LATEST TRANSACTION | |
| control field | 20161113153547.0 |
| 008 - FIXED-LENGTH DATA ELEMENTS--GENERAL INFORMATION | |
| fixed length control field | 161005s1932 ii |||| |||| 000 0 b d |
| 040 ## - CATALOGING SOURCE | |
| Original cataloging agency | BD-DhUL |
| Transcribing agency | BD-DhUL |
| 082 ## - DEWEY DECIMAL CLASSIFICATION NUMBER | |
| Classification number | 079.54 |
| Item number | BRS |
| 100 10 - MAIN ENTRY--PERSONAL NAME | |
| Personal name | বন্দ্যোপাধ্যায় ,শ্রী ব্রজেন্দ্রনাথ |
| Relator term | সম্পা. |
| 245 ## - TITLE STATEMENT | |
| Title | সংবাদপত্রে সেকালের কথা ১৮১৮-১৮৩০ : |
| Remainder of title | খন্ড. ১ / |
| Statement of responsibility, etc. | শ্রী ব্রজেন্দ্রনাথ বন্দ্যোপাধ্যায় |
| 260 ## - PUBLICATION, DISTRIBUTION, ETC. (IMPRINT) | |
| Place of publication, distribution, etc. | কলিকাতা : |
| Name of publisher, distributor, etc. | বঙ্গীয়-সাহিত্য-পরিষদ-মন্দির , |
| Date of publication, distribution, etc. | ১৯৩২।. |
| 300 ## - PHYSICAL DESCRIPTION | |
| Extent | ৫১৫ পৃ. ; |
| Other physical details | |
| Dimensions | ২৫ সেমি. |
| 490 ## - SERIES STATEMENT | |
| Series statement | সাহিত্য-পরিষদ-গ্রন্থাবলী |
| Volume/sequential designation | ৮২. |
| 650 ## - SUBJECT ADDED ENTRY--TOPICAL TERM | |
| Topical term or geographic name as entry element | সাময়িকী. |
| 650 ## - SUBJECT ADDED ENTRY--TOPICAL TERM | |
| Topical term or geographic name as entry element | Periodicals. |
| 942 ## - ADDED ENTRY ELEMENTS (KOHA) | |
| Source of classification or shelving scheme | |
| Koha item type | Books |
| Price effective from | Date last seen | Permanent Location | Not for loan | Date acquired | Source of classification or shelving scheme | Koha item type | Collection code | Barcode | Shelving location | Lost status | Damaged status | Withdrawn status | Current Location | Full call number |
|---|---|---|---|---|---|---|---|---|---|---|---|---|---|---|
| 2016-11-13 | 2016-11-13 | Dhaka University Library | 2016-11-13 | Books | Non Fiction | 485363 | General Stacks | Dhaka University Library | 079.54 BRS |
